| 000 | 00385nam a2200145Ia 4500 | ||
|---|---|---|---|
| 008 | 230917s9999||||xx |||||||||||||| ||und|| | ||
| 040 |
_e21046 _aMAIN |
||
| 041 | _aEnglish | ||
| 082 | _a514 M139G | ||
| 100 | _aMcCrory, Clint, ed. | ||
| 245 | 0 | _aGeometry and topology: Manifolds, varietie and knots | |
| 260 |
_aNew York _bMarcel Dekker _c1987 |
||
| 300 | _aviii, 349 p. | ||
| 942 | _cBK | ||
| 999 |
_c56835 _d56835 |
||